000 01089cab a2200193 4500
001 X1031
008 090401t1993 xxu||||| |||| 00| 0 eng d
035 _a(Sirsi) u14301
041 _aeng
245 _aRobson v SoS for the Environment, Tynedale DC and Troldahl
260 _c1993
350 _a0
490 _aJournal of Planning and Environment Law
_v1993 JPL 938-942(5)
520 _aQBD 24 July 1992. Outline planning permission granted on appeal - backland residential development - change of pwnership of main house inn whose grounds development was to occur - new owners not informed of right to make representaions although application and appeal was known of - real property considerations regarding proposed access - access a reserved matter - duty to notify did not extend beyond statutory requirements - outline planning permission did not authorise the construction of access - tiem to object was at submission of reserved matters approval.
650 _aOUTLINE PLANNING PERMISSION
690 _aPLANNING LAW AND PRACTICE-CASE LAW
942 _n0
948 _c04/03/1997
999 _c9299
_d9299